| 000 | 00851pam a2200253 i 4500 | ||
|---|---|---|---|
| 001 | 326294 | ||
| 003 | ARRUPE | ||
| 005 | 20240708153101.0 | ||
| 008 | 750213s1975 nyua d 000 0 eng | ||
| 010 | _a 75004858 | ||
| 020 |
_a0394436008 _qthumb-indexed ed. |
||
| 040 |
_aDLC _cDLC _dDLC |
||
| 050 | 0 | 0 | _aPE-100-1 |
| 082 | 0 | 0 | _a423 |
| 245 | 0 | 4 | _aThe Random House college dictionary. |
| 250 | _aRev. ed. | ||
| 260 |
_aNew York : _bRandom House, _c1975. |
||
| 300 |
_axxxii, 1568 p. : _bill. ; _c26 cm. |
||
| 500 | _aBased on the Random House dictionary of the English language, unabridged ed. | ||
| 500 | _aPublished in 1968 under title: The Random House dictionary of the English language, college ed. | ||
| 650 | 0 |
_aEnglish language _xDictionaries. _938352 |
|
| 906 |
_a7 _bcbc _corignew _d1 _eocip _f19 _gy-gencatlg |
||
| 942 |
_2lcc _cMONOGRAPH |
||
| 999 |
_c127335 _d127335 |
||